Prácticas de biología : (Record no. 212251)
[ view plain ]
| 000 -CABECERA | |
|---|---|
| campo de control de longitud fija | 00909nam a2200265 a 4500 |
| 003 - IDENTIFICADOR DEL NÚMERO DE CONTROL | |
| campo de control | MX-MxUPN |
| 005 - FECHA Y HORA DE LA ÚLTIMA TRANSACCIÓN | |
| campo de control | 20241203115406.0 |
| 008 - ELEMENTOS DE LONGITUD FIJA--INFORMACIÓN GENERAL | |
| campo de control de longitud fija | 241203s1954 mx a||||r|||| 000 0 spa d |
| 040 ## - FUENTE DE LA CATALOGACIÓN | |
| Centro catalogador/agencia de origen | MX-MxUPN |
| Lengua de catalogación | spa |
| Centro/agencia transcriptor | MX-MxUPN |
| 041 0# - CÓDIGO DE IDIOMA | |
| Código de lengua del texto/banda sonora o título independiente | spa |
| 050 14 - SIGNATURA TOPOGRÁFICA DE LA BIBLIOTECA DEL CONGRESO | |
| Número de clasificación | LB1651 M61 |
| Número de documento/Ítem | B458 1954 |
| 100 1# - ASIENTO PRINCIPAL--NOMBRE PERSONAL | |
| Nombre de persona | Beltrán, Enrique, |
| Fechas asociadas al nombre | 1903-1994 |
| 9 (RLIN) | 34682 |
| 100 1# - ASIENTO PRINCIPAL--NOMBRE PERSONAL | |
| Nombre de persona | Rioja, Enrique |
| 9 (RLIN) | 44551 |
| 100 1# - ASIENTO PRINCIPAL--NOMBRE PERSONAL | |
| Nombre de persona | Nájera, Gilberto |
| 9 (RLIN) | 54855 |
| 100 1# - ASIENTO PRINCIPAL--NOMBRE PERSONAL | |
| Nombre de persona | Chávez, Raúl |
| 9 (RLIN) | 54856 |
| 100 1# - ASIENTO PRINCIPAL--NOMBRE PERSONAL | |
| Nombre de persona | Larios Rodríguez, Ignacio |
| 9 (RLIN) | 44554 |
| 245 10 - MENCIÓN DE TÍTULO | |
| Título | Prácticas de biología : |
| Resto del título | primer curso para escuelas secundarias |
| 250 ## - MENCIÓN DE EDICIÓN | |
| Mención de edición | Primera edición. |
| 260 ## - PUBLICACIÓN, DISTRIBUCIÓN, ETC. | |
| Lugar de publicación, distribución, etc. | México : |
| Nombre del editor, distribuidor, etc. | E.C.L.A.C. : |
| -- | Porrúa, |
| Fecha de publicación, distribución, etc. | 1954. |
| 300 ## - DESCRIPCIÓN FÍSICA | |
| Extensión | 143 páginas : |
| Otras características físicas | ilustraciones |
| 650 #4 - ASIENTO SECUNDARIO DE MATERIA - TERMINO TEMATICO | |
| Término de materia o nombre geográfico como elemento de entrada | Biología |
| Subdivisión general | Estudio y enseñanza (Secundaria) |
| 9 (RLIN) | 4532 |
| 710 2# - ASIENTO SECUNDARIO - NOMBRE CORPORATIVO | |
| Nombre de entidad corporativa o nombre de jurisdicción como elemento de entrada | Museo Pedagógico Nacional (México) |
| 9 (RLIN) | 51335 |
| Término indicativo de función/relación | propietario anterior |
| 902 ## - ELEMENTOS DE DATOS B LOCAL, LDB (RLIN) | |
| Creó | Víctor Ruiz/031224 |
| 942 ## - ELEMENTOS DE PUNTO DE ACCESO ADICIONAL (KOHA) | |
| Fuente del sistema de clasificación o colocación | Library of Congress Classification |
| Tipo de ítem Koha | Libro |
| Estado de retiro | Estado de pérdida | Fuente del sistema de clasificación o colocación | Estado dañado | No para préstamo | Código de colección | Localización permanente | Ubicación/localización actual | Ubicación en estantería | Fecha de adquisición | Total de préstamos | Clasificación | Código de barras | Fecha visto por última vez | Precio válido a partir de | Tipo de ítem Koha | Nota pública |
|---|---|---|---|---|---|---|---|---|---|---|---|---|---|---|---|---|
| Library of Congress Classification | Disponible (Préstamo en sala) | Libros de texto | Bib. Gregorio Torres Quintero | Bib. Gregorio Torres Quintero | Colecciones especiales Planta alta | 03/12/2024 | LB1651 M61 B458 1954 | 151178 | 03/12/2024 | 03/12/2024 | Libro | Ejemplar con sello de la Biblioteca del Museo Pedagógico Nacional |
